00580nam a2200157 a 4500003000200000005001700002008004100019050002500060100002000085245007400105260009000179300002300269650002800292650005300320650004900373020250306102752.0101013s19uu xx 00 eng d aPHS ML 420b.Y3 2010 aYee, Kerwynn C. aThe emergence of African American music in America /cKerwynn C. Yee. aLas Piñas City, Philippines :bSouthville International School and Colleges,c2010. a24 pages ;c30 cm. aAfrican American music. aAfrican AmericansxMusicvHistory and criticism. aMusiczUnited StatesxHistory and criticism.